000 00337nam a22001457a 4500
020 _a722072813
082 _a235.2 PEE
100 _aPeers, E. Allison
245 _aThe Complete Works Of St Teresa
250 _aVol- 2
260 _aLondon
_bSheed And Ward
_c1972
300 _a420 P
650 _aSaints - Christianity
942 _cBK
999 _c19781
_d19781